| 000 | 01072nam a2200313 i 4500 | ||
|---|---|---|---|
| 999 |
_c200459412 _d77624 |
||
| 001 | 200459412 | ||
| 003 | TR-AnTOB | ||
| 005 | 20240205114127.0 | ||
| 007 | ta | ||
| 008 | 240205s2023 tu b 000 0 tur d | ||
| 020 | _a9786254325595 | ||
| 035 | _a(TR-AnTOB)200459412 | ||
| 040 |
_aTR-AnTOB _beng _erda _cTR-AnTOB |
||
| 041 | 0 | _atur | |
| 050 | 4 |
_aKKX3092 _b.B4758 2023 |
|
| 090 |
_aKKX3092 _b.B4758 2023 |
||
| 100 | 1 |
_aBerkün, Başak _eauthor _9144849 |
|
| 245 | 1 | 0 |
_aUyuşturucu madde kullanımı yasallaştırma eğilimi : _bTürkiye-Almanya-Hollanda hukuk sistemlerinin karşılaştırılması / _cBaşak Berkün. |
| 250 | _a1. baskı. | ||
| 264 | 1 |
_aİstanbul : _bOn İki Levha Yayıncılık, _c2023. |
|
| 300 |
_axxiv, 270 pages ; _c24 cm |
||
| 336 |
_atext _btxt _2rdacontent |
||
| 337 |
_aunmediated _bn _2rdamedia |
||
| 338 |
_avolume _bnc _2rdacarrier |
||
| 500 | _a"Yayın No.: 2302" -- title page verso. | ||
| 650 | 7 |
_aKötü amaçlı ilaç kullanımı _xHukuk ve mevzuat _zTürkiye _2etuturkob _9144850 |
|
| 942 |
_2lcc _cBK |
||